<?xml version="1.0" encoding="UTF-8"?>
<collection xmlns="http://www.loc.gov/MARC21/slim">
 <record>
  <leader>01201nam a2200277 a 4500</leader>
  <controlfield tag="001">13032909</controlfield>
  <controlfield tag="008">090602s2003    enka     b    001 0 eng d</controlfield>
  <datafield tag="010" ind1=" " ind2=" ">
   <subfield code="a">  2002156052</subfield>
  </datafield>
  <datafield tag="020" ind1=" " ind2=" ">
   <subfield code="a">0749438274</subfield>
  </datafield>
  <datafield tag="040" ind1=" " ind2=" ">
   <subfield code="a">DLC</subfield>
   <subfield code="c">DLC</subfield>
   <subfield code="d">DLC</subfield>
  </datafield>
  <datafield tag="082" ind1="0" ind2="0">
   <subfield code="a">001</subfield>
   <subfield code="2">21</subfield>
  </datafield>
  <datafield tag="100" ind1="1" ind2=" ">
   <subfield code="a">Hogan, Christine</subfield>
   <subfield code="q">(Christine Frances)</subfield>
  </datafield>
  <datafield tag="245" ind1="1" ind2="0">
   <subfield code="a">Practical facilitation :</subfield>
   <subfield code="b">a toolkit of techniques /</subfield>
   <subfield code="c">Christine Hogan.</subfield>
  </datafield>
  <datafield tag="260" ind1=" " ind2=" ">
   <subfield code="a">London ;</subfield>
   <subfield code="a">Sterling, VA :</subfield>
   <subfield code="b">Kogan Page,</subfield>
   <subfield code="c">2003.</subfield>
  </datafield>
  <datafield tag="300" ind1=" " ind2=" ">
   <subfield code="a">xiv, 482 p. :</subfield>
   <subfield code="b">ill. ;</subfield>
   <subfield code="c">24 cm.</subfield>
  </datafield>
  <datafield tag="504" ind1=" " ind2=" ">
   <subfield code="a">Includes bibliographical references (p. 458-476) and index.</subfield>
  </datafield>
  <datafield tag="541" ind1="1" ind2=" ">
   <subfield code="e">00010216</subfield>
  </datafield>
  <datafield tag="650" ind1=" " ind2="0">
   <subfield code="a">Employees</subfield>
   <subfield code="x">Training of.</subfield>
  </datafield>
  <datafield tag="650" ind1=" " ind2="0">
   <subfield code="a">Business consultants</subfield>
   <subfield code="x">Training of.</subfield>
  </datafield>
  <datafield tag="650" ind1=" " ind2="0">
   <subfield code="a">Group facilitation.</subfield>
  </datafield>
  <datafield tag="650" ind1=" " ind2="0">
   <subfield code="a">Group relations training.</subfield>
  </datafield>
  <datafield tag="650" ind1=" " ind2="0">
   <subfield code="a">Communication in management.</subfield>
  </datafield>
  <datafield tag="852" ind1="4" ind2=" ">
   <subfield code="a">Ayesha Abed Library</subfield>
   <subfield code="j">General shelf</subfield>
  </datafield>
  <datafield tag="999" ind1=" " ind2=" ">
   <subfield code="c">1237</subfield>
   <subfield code="d">1237</subfield>
  </datafield>
  <datafield tag="952" ind1=" " ind2=" ">
   <subfield code="0">0</subfield>
   <subfield code="1">0</subfield>
   <subfield code="2">ddc</subfield>
   <subfield code="4">0</subfield>
   <subfield code="6">001_HOG</subfield>
   <subfield code="7">0</subfield>
   <subfield code="9">1124</subfield>
   <subfield code="a">BRACUL</subfield>
   <subfield code="b">BRACUL</subfield>
   <subfield code="c">GEN</subfield>
   <subfield code="d">2009-06-25</subfield>
   <subfield code="g">0.00</subfield>
   <subfield code="l">3</subfield>
   <subfield code="o">001 HOG</subfield>
   <subfield code="p">3010010216</subfield>
   <subfield code="r">2016-11-20</subfield>
   <subfield code="s">2016-11-20</subfield>
   <subfield code="t">1</subfield>
   <subfield code="w">2009-06-25</subfield>
   <subfield code="y">BK</subfield>
   <subfield code="x">No price found in the accession register.</subfield>
  </datafield>
  <datafield tag="952" ind1=" " ind2=" ">
   <subfield code="0">0</subfield>
   <subfield code="1">0</subfield>
   <subfield code="2">ddc</subfield>
   <subfield code="4">0</subfield>
   <subfield code="6">001_000000000000000_HOG</subfield>
   <subfield code="7">0</subfield>
   <subfield code="9">24137</subfield>
   <subfield code="a">SCL</subfield>
   <subfield code="b">SCL</subfield>
   <subfield code="c">GEN</subfield>
   <subfield code="d">0000-00-00</subfield>
   <subfield code="g">2055.00</subfield>
   <subfield code="l">0</subfield>
   <subfield code="o">001 HOG</subfield>
   <subfield code="p">3020004249</subfield>
   <subfield code="r">2014-04-19</subfield>
   <subfield code="t">2</subfield>
   <subfield code="w">2014-04-19</subfield>
   <subfield code="y">BK</subfield>
  </datafield>
 </record>
</collection>
